Principles of computer science / (Record no. 1813)

MARC details
000 -LEADER
fixed length control field 01288cam a22003375i 4500
001 - CONTROL NUMBER
control field data
005 - DATE AND TIME OF LATEST TRANSACTION
control field 20260322212119.0
008 - FIXED-LENGTH DATA ELEMENTS--GENERAL INFORMATION
fixed length control field data
035 ## - SYSTEM CONTROL NUMBER
System control number 20146152
010 ## - LIBRARY OF CONGRESS CONTROL NUMBER
LC control number 2017446656
020 ## - INTERNATIONAL STANDARD BOOK NUMBER
International Standard Book Number 9781682171394
Qualifying information hardcover
035 ## - SYSTEM CONTROL NUMBER
System control number (OCoLC)954536545
040 ## - CATALOGING SOURCE
Original cataloging agency YDXCP
Language of cataloging eng
Description conventions rda
Transcribing agency YDXCP
Modifying agency DLC
-- OCLCO
-- OCLCF
-- OCLCQ
-- R2A
-- CSG
-- IMB
-- AJB
-- BTCTA
-- BDX
-- CHK
-- BKL
-- DLC
042 ## - AUTHENTICATION CODE
Authentication code lccopycat
050 00 - LIBRARY OF CONGRESS CALL NUMBER
Classification number QA76
Item number .P6695 2016
082 04 - DEWEY DECIMAL CLASSIFICATION NUMBER
Classification number 004
Edition information 23
245 00 - TITLE STATEMENT
Title Principles of computer science /
Statement of responsibility, etc. editor, Donald R. Franceschetti, PhD, The University of Memphis.
264 #1 - PRODUCTION, PUBLICATION, DISTRIBUTION, MANUFACTURE, AND COPYRIGHT NOTICE
Place of production, publication, distribution, manufacture Ipswich, Massachusetts :
Name of producer, publisher, distributor, manufacturer Grey House Publishing,
-- Grey House Publishing,
Date of production, publication, distribution, manufacture, or copyright notice [2016]
300 ## - PHYSICAL DESCRIPTION
Extent xiii, 381 pages :
Other physical details illustrations ;
Dimensions 26 cm.
336 ## - CONTENT TYPE
Content type term text
Content type code txt
Source rdacontent
336 ## - CONTENT TYPE
Content type term still image
Content type code sti
Source rdacontent
337 ## - MEDIA TYPE
Media type term unmediated
Media type code n
Source rdamedia
338 ## - CARRIER TYPE
Carrier type term volume
Carrier type code nc
Source rdacarrier
504 ## - BIBLIOGRAPHY, ETC. NOTE
Bibliography, etc. note Includes bibliographical references (pages 337-359) and index.
650 #0 - SUBJECT ADDED ENTRY--TOPICAL TERM
Topical term or geographic name entry element Computer science.
650 #7 - SUBJECT ADDED ENTRY--TOPICAL TERM
Topical term or geographic name entry element Computer science.
Source of heading or term fast
Authority record control number or standard number (OCoLC)fst00872451
700 1# - ADDED ENTRY--PERSONAL NAME
Personal name Franceschetti, Donald R.,
Dates associated with a name 1947-
906 ## - LOCAL DATA ELEMENT F, LDF (RLIN)
a 7
b cbc
c copycat
d 2
e ncip
f 20
g y-gencatlg
925 0# -
-- acquire
-- 1 shelf copy
-- policy default
Holdings
Withdrawn status Lost status Damaged status Not for loan Home library Current library Shelving location Date acquired Total checkouts Full call number Barcode Date last seen Price effective from Koha item type
        Franklin Franklin General stacks 22/03/2026   004 LOC-FRL-00049 22/03/2026 22/03/2026 Books